Les pays sans la lettre A - Statistiques

Statistiques générales
  • Ce quiz a été pris 366 fois
  • Le résultat moyen est 39 sur 60
Statistiques - réponses
Pays % Correct
Chine
93%
Russie
87%
Belgique
86%
Chili
85%
Brésil
84%
Suède
83%
Norvège
82%
Mexique
81%
Inde
79%
Tunisie
78%
Egypte
77%
Estonie
77%
Suisse
75%
Lettonie
74%
Pérou
74%
Turquie
74%
Colombie
72%
Grèce
71%
Biélorussie
69%
Bolivie
69%
Kosovo
69%
Libye
69%
Luxembourg
69%
Indonésie
68%
Corée du Nord
67%
Corée du Sud
67%
Pologne
67%
Togo
67%
Yémen
66%
Hongrie
65%
Liechtenstein
65%
Slovénie
65%
Bélize
63%
Chypre
62%
Erythrée
62%
Mongolie
62%
République du Congo
62%
Niger
61%
Fidji
60%
Lesotho
60%
Serbie
60%
Seychelles
60%
Syrie
60%
Guinée
59%
Djibouti
58%
Bénin
57%
Bosnie-Herzégovine
57%
Ethiopie
56%
Monténégro
56%
Géorgie
55%
Koweit
55%
Comores
54%
Côte d’Ivoire
54%
Philippines
54%
République Tchéque
54%
Burundi
53%
Brunei
52%
Dominique
45%
Micronésie
38%
Timor-Leste
7%
Aucun quiz correspondant
Distribution des résultats
% des personnes avec chaque résultat
Percentile par nombre de réponses
Votre historique - résultats
Vous n’avez pas pris ce quiz